<?xml version="1.0" encoding="UTF-8"?>
<record
    xmlns:xsi="http://www.w3.org/2001/XMLSchema-instance"
    xsi:schemaLocation="http://www.loc.gov/MARC21/slim http://www.loc.gov/standards/marcxml/schema/MARC21slim.xsd"
    xmlns="http://www.loc.gov/MARC21/slim">

  <leader>01002nam a2200193   4500</leader>
  <controlfield tag="001">2852</controlfield>
  <controlfield tag="005">20251016124146.0</controlfield>
  <controlfield tag="008">251016e2012    cl  n|gsr||||c00| 00spa  </controlfield>
  <datafield tag="040" ind1=" " ind2=" ">
    <subfield code="a">hms</subfield>
    <subfield code="c">spa</subfield>
    <subfield code="d">hms</subfield>
  </datafield>
  <datafield tag="110" ind1="1" ind2=" ">
    <subfield code="a">Ejercito de Chile </subfield>
    <subfield code="b">Comando de Salud</subfield>
    <subfield code="9">4450</subfield>
  </datafield>
  <datafield tag="245" ind1="1" ind2="0">
    <subfield code="a">HMSalud :</subfield>
    <subfield code="b">Revista Hopital Militar de Santiago /</subfield>
    <subfield code="c">Director Coronel Erick Str&#xF6;mb&#xE4;ck Cerda ; Redacci&#xF3;n y edici&#xF3;n Sof&#xED;a Faur&#xE9;. </subfield>
    <subfield code="h">[revista electr&#xF3;nica]</subfield>
  </datafield>
  <datafield tag="246" ind1="3" ind2="0">
    <subfield code="a">Revista Hopital Militar de Santiago </subfield>
  </datafield>
  <datafield tag="260" ind1=" " ind2=" ">
    <subfield code="a">Santiago de Chile :</subfield>
    <subfield code="b">s/i,</subfield>
    <subfield code="c">2012</subfield>
  </datafield>
  <datafield tag="300" ind1=" " ind2=" ">
    <subfield code="a">14 p&#xE1;ginas :</subfield>
    <subfield code="b">ilustraciones ; </subfield>
    <subfield code="c">28 cm.</subfield>
  </datafield>
  <datafield tag="505" ind1=" " ind2=" ">
    <subfield code="a">Servicio de urgencia. -- Alzheimer una enfermedad compartida. -- Cuando la vida supera la enfermedad, una historia de empuje y superaci&#xF3;n. -- C&#xE1;ncer de mama, la importancia de llegar a tiempo. -- Colegio hospitalario, Hospital Militar educaci&#xF3;n desde el amor.
.
</subfield>
  </datafield>
  <datafield tag="650" ind1=" " ind2="7">
    <subfield code="a">Salud </subfield>
    <subfield code="v">Publicaciones peri&#xF3;dicas. </subfield>
    <subfield code="9">4451</subfield>
  </datafield>
  <datafield tag="856" ind1="4" ind2="0">
    <subfield code="u">https://nube.hms.cl/index.php/s/kimsDbwP7N6wEzG</subfield>
  </datafield>
  <datafield tag="942" ind1=" " ind2=" ">
    <subfield code="2">ddc</subfield>
    <subfield code="n">0</subfield>
    <subfield code="c">CR</subfield>
  </datafield>
  <datafield tag="999" ind1=" " ind2=" ">
    <subfield code="c">2852</subfield>
    <subfield code="d">2852</subfield>
  </datafield>
  <datafield tag="952" ind1=" " ind2=" ">
    <subfield code="0">0</subfield>
    <subfield code="1">0</subfield>
    <subfield code="2">ddc</subfield>
    <subfield code="4">0</subfield>
    <subfield code="7">0</subfield>
    <subfield code="8">Col. Res.</subfield>
    <subfield code="a">BHMS</subfield>
    <subfield code="b">BHMS</subfield>
    <subfield code="c">Full Space</subfield>
    <subfield code="d">2025-10-16</subfield>
    <subfield code="i">0002977</subfield>
    <subfield code="l">0</subfield>
    <subfield code="o">Ed. No. 5 Oct. 2012 </subfield>
    <subfield code="p">0002977</subfield>
    <subfield code="r">2025-10-16 12:45:43</subfield>
    <subfield code="t">c.1</subfield>
    <subfield code="w">2025-10-16</subfield>
    <subfield code="y">CR</subfield>
  </datafield>
</record>
